| 000 | 01145nam0a22002771 4500 | ||
|---|---|---|---|
| 001 | RU\NLR\INFOCOMM_190\5000067944 | ||
| 005 | 20250613095221.0 | ||
| 035 | _a(NLR Aleph) 009288184 | ||
| 090 |
_a9203378 _c9203378 |
||
| 100 | _a20100927d1964 |||y0rusy50 ca | ||
| 101 | 0 | _aeng | |
| 102 | _aRU | ||
| 105 | _ay ||||000|y | ||
| 200 | 1 |
_aLudwig Feuerbach and the end of classical German philosophy _fF. Engels _gWith an appendix: K. Marx. Theses on Feuerbach |
|
| 210 |
_aΜ. _cProgress _d1964 |
||
| 215 |
_a104 с. _d16 см |
||
| 300 | _aПеревод загл.: Ф. Энгельс. Людвиг Фейербах и конец классической немецкой философии | ||
| 464 | 0 |
_12001#$aTheses on Feuerbach _1700#1$aMarx$bK.$gKarl$f1818-1883$4070 _tTheses on Feuerbach _aMarx, Karl (1818-1883) |
|
| 541 | 1 |
_aЛюдвиг Фейербах и конец классической немецкой философии _zrus |
|
| 686 |
_aМ-Л100 _2rubbk |
||
| 700 | 1 |
_aEngels _bF. _f1820-1895 _gFriedrich _4070 |
|
| 801 | 1 |
_aRU _bNLR _c20100927 |
|
| 801 | 0 |
_aRU _bNLR _gPSBO |
|
| 852 |
_aNLR _jМЭ 102-86/1-6 |
||
| 942 | _cBOOK | ||
| 980 | _aNB | ||